Poľnohospodárstvo posilňujeme odborníkmi príspevok k 3. materiálu predsjazdovej kampane JRD

Bibliographic Details
Format: Book
Language:Slovak
PhysicalDescription:16 s. 8°
Published: Bratislava KNV 1959
Subjects:

MARC

LEADER 00000nam a2200000 a 4500
001 vtls008348048
003 SK-MaSNL
005 20260301041523.0
008 181127s1959 xo 000 slo
015 |a SKSNBA1960/01-00037 
035 |a SK01SNK19600040265 
035 |a SKM000042728 
040 |a SNK  |b slo  |c SNK  |e AACR2 
041 1 |a slo 
044 |a xo  |c SK 
080 |a 631.1  |2 1981 
245 1 0 |a Poľnohospodárstvo posilňujeme odborníkmi  |b príspevok k 3. materiálu predsjazdovej kampane JRD 
260 |a Bratislava  |b KNV  |c 1959  |e Bratislava  |f Polygrafické závody 
300 |a 16 s.  |c 8° 
610 0 7 |a JRD  |z Bratislavský kraj (Slovensko)  |x zjazd 4.  |x materiály  |2 SNK  |9 343365 
611 1 7 |a JRD  |z Bratislavský kraj (Slovensko)  |x zjazd 4.  |x materiály  |2 SNK  |9 343366 
655 7 |a príručky  |2 SNKPH  |9 74364 
852 |a Slovenská národná knižnica v Martine  |b 10000  |h SD 16668 
852 |a Slovenská národná knižnica v Martine  |b 10000  |h SD 16668 D1 
958 |a OND 
958 |a TL 
958 |a RK 
958 |a BQ 
999 |c 588705  |d 590635 
952 |a SNK  |b SNK  |y PREZ  |7 0  |p 17A0606270  |o snkSD 16668  |i snkKSP 585/59  |0 0  |1 0  |4 0  |d 2008-12-09  |l 0  |r 2025-12-01 00:00:00  |w 2026-02-23